|
|
|
|
| LEADER |
00000nam a22000004a 4500 |
| 001 |
AR-BbUGT3037 |
| 003 |
AR-BbUGT |
| 005 |
20181220001723.0 |
| 007 |
ta |
| 008 |
061101t1979 ||| |0|||0| d |
| 040 |
|
|
|a AR-BbUGT
|b spa
|c AR-BbUGT
|
| 082 |
0 |
4 |
|a 982.03
|
| 100 |
1 |
|
|a Destefani, Laurio H.
|
| 245 |
1 |
0 |
|a Belgrano y el mar /
|c Laurio H. Destefani.
|
| 260 |
|
|
|a Buenos Aires :
|b Fundación Argentina de Estudios Marítimos,
|c 1979.
|
| 300 |
|
|
|a 205 p.
|
| 653 |
|
|
|a Historia Argentina
|
| 653 |
|
|
|a Argentina
|
| 653 |
|
|
|a Historia
|
| 653 |
|
|
|a Belgrano
|
| 942 |
|
|
|c BK
|h 982.03
|i D473
|m D
|2 ddc
|6 982_030000000000000_D473
|
| 999 |
|
|
|c 10542
|d 10542
|